000 00427nam a2200181Ia 4500
001 11312
005 20260306162818.0
008 260306t1982||||xx |||||||||||||| ||spa||
041 _aESP
082 _a985.03
_bL562
100 _aLockhart, James
_eAUT
245 0 _aEl mundo hispanoperuano 1532-1560
260 _c1982
300 _a328 páginas :
_c21cm.
650 _aGEN
654 _aCHU
942 _cLIB
_dJUS
_fJUS
_2ddc
_n
999 _c11312
_d11312